000 00341nam a22001337a 4500
008 170414b xxu||||| |||| 00| 0 eng d
020 _a9781111828783
041 _aeng
080 _a612.39
100 _a10
101 _aSHM
245 _aSLAUGHTERHOUSE BLUES: THE MEAT AND POULTRY INDUSTRY IN NORTH AMERICA
_cSTULL, D.D
942 _2udc
_cBK
999 _c10732
_d10732